000 00628nam a22001817a 4500
003 UA-OsUOA
001 12638
007 ta
008 20050426b un ||||| |||| 00| 0 ukr d
100 _aКохановська О.
942 _cSA
040 _aUA-OsUOA
_cUA-OsUOA
_dUA-OsUOA
245 _aЦивільно-правові аспекти реалізації інформаційних прав та виконання інформаційних обов'язків
300 _aС.88-91
955 _a0
773 0 _w0
_tПраво України
_dКиїв
_d2005
_gN4
650 7 _aІнформаційне право
_2UDC
999 _c298799
_d298799